000 00223nam a2200097Ia 4500
008 240331s9999 xx 000 0 und d
082 _a301.42
_bSAF
100 _aSaffioti, H.I.B
245 0 _aWomen in class society
942 _cL
999 _c1061
_d1061